000 00678nam a2200241Ia 4500
003 OSt
005 20220924125856.0
006 a|||||r|||| 00| 0
007 ta
008 220923b |||||||| |||| 00| 0 per d
024 _a325065
037 _cTextual
040 _aARTS
_cARTS
_bper
041 _2per
_aper
082 _aDelta73v45, 164L1
100 _aWaiz Sailuddin Abdullah Au.
_9199102
245 0 _aMaqsadul Iqbal
260 _aTehran
_bIntisharat-e-farhung Iran Iran
_c1971
300 _a186p.
_ccm.
650 _aSPIRurdALISM
942 _hDelta73v45, 164L1
_cTEXL
_2CC
999 _c423590
_d423590